<?xml version="1.0" encoding="UTF-8"?>
<record
    xmlns:xsi="http://www.w3.org/2001/XMLSchema-instance"
    xsi:schemaLocation="http://www.loc.gov/MARC21/slim http://www.loc.gov/standards/marcxml/schema/MARC21slim.xsd"
    xmlns="http://www.loc.gov/MARC21/slim">

  <leader>01956cam a22002651  4500</leader>
  <controlfield tag="001">f  20000035 </controlfield>
  <controlfield tag="003">DLC</controlfield>
  <controlfield tag="005">20260227111248.0</controlfield>
  <controlfield tag="008">770707m18841887dcudf        f000 0 eng c</controlfield>
  <datafield tag="010" ind1=" " ind2=" ">
    <subfield code="a">f  20000035 </subfield>
  </datafield>
  <datafield tag="035" ind1=" " ind2=" ">
    <subfield code="a">(OCoLC)3097807</subfield>
  </datafield>
  <datafield tag="040" ind1=" " ind2=" ">
    <subfield code="a">U.S. Bureau of Fish. Library</subfield>
    <subfield code="c">TxShA</subfield>
    <subfield code="d">OCoLC</subfield>
    <subfield code="d">DLC</subfield>
  </datafield>
  <datafield tag="042" ind1=" " ind2=" ">
    <subfield code="a">premarc</subfield>
  </datafield>
  <datafield tag="050" ind1="0" ind2="0">
    <subfield code="a">SH221</subfield>
    <subfield code="b">.G59</subfield>
  </datafield>
  <datafield tag="100" ind1="1" ind2=" ">
    <subfield code="a">Goode, G. Brown</subfield>
    <subfield code="q">(George Brown),</subfield>
    <subfield code="d">1851-1896.</subfield>
  </datafield>
  <datafield tag="245" ind1="1" ind2="4">
    <subfield code="a">The fisheries and fishery industries of the United States.</subfield>
    <subfield code="c">Prepared through the co-operation of the commissioner of fisheries and the superintendent of the tenth census by George Brown Goode ... and a staff of associates ...</subfield>
  </datafield>
  <datafield tag="260" ind1=" " ind2=" ">
    <subfield code="a">Washington,</subfield>
    <subfield code="b">Govt. Print. Off.,</subfield>
    <subfield code="c">1884-87.</subfield>
  </datafield>
  <datafield tag="300" ind1=" " ind2=" ">
    <subfield code="a">8 v. in 7.</subfield>
    <subfield code="b">plates, charts.</subfield>
    <subfield code="c">28 cm.</subfield>
  </datafield>
  <datafield tag="500" ind1=" " ind2=" ">
    <subfield code="a">At head of title: U.S. Commission of Fish and Fisheries.</subfield>
  </datafield>
  <datafield tag="500" ind1=" " ind2=" ">
    <subfield code="a">Commonly known as the Goode report.</subfield>
  </datafield>
  <datafield tag="505" ind1="1" ind2=" ">
    <subfield code="a">sec. I. Natural history of useful aquatic animals by G.B. Goode, J.A. Allen, H.W. Elliot, F.W. True, E. Ingersoll, J.A. Ryder, R. Rathbun. 2 v.--sec. II. A geographical review of the fisheries industries and fishing communities for the year 1880, by R.E. Earll, W.A. Wilcox, A.H. Clark, F. Mather, J.W. Collins, M. McDonald, S. Stearns, D.S. Jordan, F.W. True.--sec. III. The fishing grounds of North America, by R. Rathbun, J.W. Collins, D.S. Jordan, T.H. Bean, L. Kumlien, F.W. True.--sec. IV. The fishermen of the United States, by G.B. Goode, J.W. Collins.--sec. V. History and methods of fisheries, by G.B. Goode, J.W. Collins, N.P. Scudder, T.H. Bean, A.H. Clark, R.E. Earll, S. Stearns, F.W. True, M. McDonald, W.A. Wilcox, C.G. Atkins, D.S. Jordan, C.H. Gilbert, L. Kumlien, A.H. Clark, J.T. Brown, H.W. Elliot, J.H. Swan, E. Ingersoll, R. Rathbun. 3 v.</subfield>
  </datafield>
  <datafield tag="650" ind1=" " ind2="0">
    <subfield code="a">Fisheries</subfield>
    <subfield code="z">United States.</subfield>
  </datafield>
  <datafield tag="710" ind1="1" ind2=" ">
    <subfield code="a">United States.</subfield>
    <subfield code="b">Bureau of Fisheries.</subfield>
  </datafield>
  <datafield tag="740" ind1="0" ind2=" ">
    <subfield code="a">Goode report on the fisheries and fishery industries of the United States.</subfield>
  </datafield>
  <datafield tag="999" ind1=" " ind2=" ">
    <subfield code="c">23246</subfield>
    <subfield code="d">23246</subfield>
  </datafield>
</record>
